=LDR 00000nam 2200000 4500 =001 INLIS000000000048738 =005 20170105082206.0 =006 =007 =008 =020 ##$$a 979-526-017-0 =035 ##$$0010-011700000000019 =040 ##$$a NBPDMAT =082 ##$$a 651 . 56 =090 ##$$a 651 . 56 $b Bas H =100 ##$$a Basir Barthos =245 ##$$a Manajemen kearsipan untuk lembaga negara. swasta dan perguruan tinggi / Drs . Basir Barthos =260 ##$$a Jakarta : $b Bumi aksara, $c 2015 =300 ##$$a 1x, 273 hlm. : $b ilus. ; $c 21 cm. =500 ##$$a Bibliografi : 273 =650 ##$$a Arsip dan kearsipan =990 ##$$a 21601973 =990 ##$$a 0047/BPAP-NTB/2017 =990 ##$$a 0048/BPAP-NTB/2017